000 00379nam a2200133Ia 4500
008 100328s9999 xx 000 0 und d
082 _b17356
100 _aमधुकर
245 _aस्वप्न सुंदरी
260 _bआदर्श
630 _aस्वप्न सुंदरी
730 _aस्वप्न सुंदरी
942 _cBOOK
999 _c511938
_d511935